000 00584cam a22002053a 4500
001 41672
003 PGUSA
005 20140828083936.0
008 121220s2012||||xxu|||||s|||||000 | eng d
040 _aPGUSA
_beng
042 _adc
100 1 _aFleming, May Agnes,
_d1840-1880
245 1 2 _aA Changed Heart :
_bA Novel
_h[electronic resource] /
_cMay Agnes Fleming
260 _bProject Gutenberg,
_c2012
506 _aPublic domain in the USA.
516 _aElectronic text
830 0 _aProject Gutenberg
_v41672
856 4 0 _uhttp://www.gutenberg.org/ebooks/41672
942 _cEB
999 _c270924
_d270924